Quản lý chất lượng môi trường
Gồm 9 chương : chương 1- 2: giới thiệu các khái niệm về quản lý môi trường và quản lý chất lượng môi trường, các công cụ quản lý môi trường hướng đến phát triển bền vững, chương 3- 8 giới thiệu các nội dung chính của công tác quản...
محفوظ في:
| المؤلف الرئيسي: | |
|---|---|
| التنسيق: | كتاب |
| اللغة: | Undetermined |
| منشور في: |
Thành phố Hồ Chí Minh
Nxb. Đại học Quốc gia Thành phố Hồ Chí Minh
2014
|
| الموضوعات: | |
| الوسوم: |
إضافة وسم
لا توجد وسوم, كن أول من يضع وسما على هذه التسجيلة!
|
| Thư viện lưu trữ: | Trung tâm Học liệu Trường Đại học Cần Thơ |
|---|
| LEADER | 01066nam a2200193Ia 4500 | ||
|---|---|---|---|
| 001 | CTU_143657 | ||
| 008 | 210402s9999 xx 000 0 und d | ||
| 020 | |c 59000 | ||
| 082 | |a 658.4083 | ||
| 082 | |b H100 | ||
| 100 | |a Nguyễn, Thị Vân Hà | ||
| 245 | 0 | |a Quản lý chất lượng môi trường | |
| 245 | 0 | |c Nguyễn Thị Vân Hà | |
| 260 | |a Thành phố Hồ Chí Minh | ||
| 260 | |b Nxb. Đại học Quốc gia Thành phố Hồ Chí Minh | ||
| 260 | |c 2014 | ||
| 520 | |a Gồm 9 chương : chương 1- 2: giới thiệu các khái niệm về quản lý môi trường và quản lý chất lượng môi trường, các công cụ quản lý môi trường hướng đến phát triển bền vững, chương 3- 8 giới thiệu các nội dung chính của công tác quản lý chất lượng môi trường | ||
| 650 | |a Environmental protection,Bảo vệ môi trường | ||
| 980 | |a Trung tâm Học liệu Trường Đại học Cần Thơ | ||